MARC details
| 000 -LEADER |
| fixed length control field |
00916cam a22002654a 4500 |
| 001 - CONTROL NUMBER |
| control field |
12707117 |
| 005 - DATE AND TIME OF LATEST TRANSACTION |
| control field |
20240208042035.0 |
| 008 - FIXED-LENGTH DATA ELEMENTS--GENERAL INFORMATION |
| fixed length control field |
020315s2002 enk b 001 0 eng |
| 020 ## - INTERNATIONAL STANDARD BOOK NUMBER |
| ISBN |
1842770306 (cased) |
| 020 ## - INTERNATIONAL STANDARD BOOK NUMBER |
| ISBN |
1842770314 limp |
| 040 ## - CATALOGING SOURCE (பட்டியலாக்க மூலம்) |
| Original cataloging agency |
DLC |
| Transcribing agency |
DLC |
| Modifying agency |
DLC |
| 082 00 - DDC Classification |
| Class No. |
306.74 |
| DDC Edition Number |
21 |
| Item Number - Author Mark |
TRA. |
| 245 00 - TITLE STATEMENT |
| Title |
Transnational prostitution : |
| Remainder of title |
changing patterns in a global context / |
| Statement of responsibility, etc. |
edited by Susanne Thorbek and Bandana Pattanaik. |
| 260 ## - PUBLICATION, DISTRIBUTION, ETC. |
| Place of publication, distribution, etc. |
London ; |
| -- |
New York : |
| Name of publisher, distributor, etc. |
Zed Books, |
| Date of publication, distribution, etc. |
2002. |
| 300 ## - PHYSICAL DESCRIPTION |
| Extent (e.g. Volumes, Pages etc.) |
x, 237 p. ; |
| 650 #0 - SUBJECT ADDED ENTRY--TOPICAL TERM |
| Topical term or geographic name entry element |
Prostitution. |
| 650 #0 - SUBJECT ADDED ENTRY--TOPICAL TERM |
| Topical term or geographic name entry element |
Women foreign workers. |
| 650 #0 - SUBJECT ADDED ENTRY--TOPICAL TERM |
| Topical term or geographic name entry element |
Sex tourism. |
| 700 1# - ADDED ENTRY--PERSONAL NAME |
| Personal name |
Thorbek, Susanne. |
| Relator term (Role) |
Editor |
| 700 1# - ADDED ENTRY--PERSONAL NAME |
| Personal name |
Pattanaik, Bandana, |
| Relator term (Role) |
Editor |
| 856 42 - ELECTRONIC LOCATION AND ACCESS |
| Uniform Resource Identifier |
<a href="http://www.loc.gov/catdir/bios/hol051/2002023454.html">http://www.loc.gov/catdir/bios/hol051/2002023454.html</a> |
| 856 41 - ELECTRONIC LOCATION AND ACCESS |
| Uniform Resource Identifier |
<a href="http://www.loc.gov/catdir/toc/hol031/2002023454.html">http://www.loc.gov/catdir/toc/hol031/2002023454.html</a> |
| 856 42 - ELECTRONIC LOCATION AND ACCESS |
| Uniform Resource Identifier |
<a href="http://www.loc.gov/catdir/description/hol031/2002023454.html">http://www.loc.gov/catdir/description/hol031/2002023454.html</a> |
| 942 ## - Koha item type (Biblio) |
| Koha item type |
Books in Stacks (Lending) |